Sports Quiz

Random Sports or Quote Quiz

Red Sox Quotes Quiz Stats

 Plays Quiz not verified by Sporcle

Challenge
Share
Tweet
Embed
Score 0/20 Timer 10:00
0 Plays Today
% Correct
Joe Castiglione
77.7%
Dustin Pedroia
74.5%
Carl Yastrzemski
70.2%
Kevin Millar
69.1%
Doug Mirabelli
63.8%
Luis Tiant
60.6%
Bill Lee
59.6%
Wade Boggs
57.4%
Nomar Garciaparra
55.3%
Jerry Remy
46.8%
% Correct
Pedro Martinez
44.7%
Curt Schilling
43.6%
Jim Lonborg
37.2%
Oil Can Boyd
35.1%
Glenn Hoffman
35.1%
Jimmie Foxx
31.9%
Johnny Pesky
28.7%
Jimy Williams
27.7%
David Ortiz
26.6%
Cy Young
22.3%

You're not logged in!

Compare scores with friends on all Sporcle quizzes.
Join for Free
OR
Log In

You Might Also Like...

Show Comments

Extras

Top Quizzes Today


Score Distribution

Your Account Isn't Verified!

In order to create a playlist on Sporcle, you need to verify the email address you used during registration. Go to your Sporcle Settings to finish the process.

Report this User

Report this user for behavior that violates our Community Guidelines.

Details: